[Event "Kesarovski Georgiev Memorial 6th"]
[Site "Sunny Beach"]
[Date "2007.09.11"]
[Round "2"]
[White "Stefanova, Milena"]
[Black "Khurshudova, Lyudmila"]
[Result "1-0"]
[WhiteElo "2018"]
[BlackElo "2247"]
[PlyCount "105"]
[EventDate "2007.09.10"]
[EventType "swiss"]
[EventRounds "9"]
[EventCountry "BUL"]
[SourceTitle "CBM 120 Extra"]
[Source "ChessBase"]
[SourceDate "2007.11.01"]
[SourceVersion "1"]
[SourceVersionDate "2007.11.01"]
[SourceQuality "1"]

1. e4 d5 2. exd5 Qxd5 3. c4 Qe4+ 4. Qe2 Nf6 5. Nc3 Qxe2+ 6. Bxe2 c6 7. d4 Bf5 8. Nf3 Nbd7 9. 0-0 e6 10. Bf4 Be7 11. Rac1 h6 12. Rfe1 Nb6 13. Ne5 Rd8 14. Bf3 g5 15. Bg3 g4 16. Nxc6 bxc6 17. Bxc6+ Kf8 18. Nb5 Be4 19. Nxa7 Bxc6 20. Nxc6 Rc8 21. Nxe7 Kxe7 22. b3 Ne4 23. Bf4 h5 24. a4 Nd7 25. a5 f6 26. b4 e5 27. Be3 Nd6 28. c5 Nb5 29. d5 Nb8 30. c6 Na6 31. Bc5+ Nxc5 32. bxc5 Nd4 33. Rb1 Rhd8 34. Rb7+ Ke8 35. Rh7 Nxc6 36. d6 Rb8 37. g3 Rd7 38. Rxh5 Kf7 39. Rh4 Rb5 40. Rc1 Rxa5 41. Rxg4 Ra6 42. h4 Nd4 43. Kg2 f5 44. Rg5 Rc6 45. g4 fxg4 46. Rxe5 Rdxd6 47. Rd1 Re6 48. Rh5 Ne2 49. Rg5 Rg6 50. Re5 Rge6 51. Rg5 Rg6 52. Rd7+ Ke8 53. Rg7 1-0

[Event "Kesarovski Georgiev Memorial 4th"]
[Site "Sunny Beach"]
[Date "2005.09.20"]
[Round "5"]
[White "Khurshudova, Lyudmila"]
[Black "Dimitrov, Radoslav"]
[Result "0-1"]
[WhiteElo "2317"]
[BlackElo "2099"]
[PlyCount "42"]
[EventDate "2005.09.16"]
[EventType "swiss"]
[EventRounds "9"]
[EventCountry "BUL"]
[SourceTitle "CBM 108 Extra"]
[Source "ChessBase"]
[SourceDate "2005.11.04"]
[SourceVersion "1"]
[SourceVersionDate "2005.11.04"]
[SourceQuality "1"]

1. e4 c6 2. d4 d5 3. Nd2 dxe4 4. Nxe4 Nf6 5. Ng3 e5 6. Be3 Ng4 7. Qd2 Nxe3 8. fxe3 Be6 9. Nf3 Nd7 10. Be2 Be7 11. 0-0 0-0 12. Bd3 Qc7 13. c3 g6 14. Rfe1 c5 15. c4 cxd4 16. exd4 exd4 17. Nxd4 Bc5 18. Bf1 Qb6 19. Nge2 Ne5 20. Kh1 Rad8 21. Rad1 Nc6 0-1